000 01227nam a2200277Ia 4500
003 OSt
005 20221005104006.0
006 a|||||r|||| 00| 0
007 ta
008 221004b |||||||| |||| 00| 0 hin d
020 _a8179170292 (hbk)
_c425
024 _a2834
037 _bBR6652, 24/01/2013, Rajkamal Prakashan Pvt. Ltd.
_cTextual
040 _aCRL
_cCRL
_bhin
041 _2hin
_ahin
082 _aY73(Q7)-5.2, 152P3
100 _aअहमद, इम्तियाज, संपा.
245 0 _aभारत के मुसलमानों में जातिव्यवस्था और सामाजिक स्तरीकरण
246 _aBhārat ke musalamānoan mean jātivyavasthā aur sāmājik starīkaraṇa
260 _aदिल्ली
_bग्रंथ शिल्पी भारत
_c2003
300 _a281पृ0
_ccm.
490 _aभारत की सामाजिक संरचना; 1
650 _aभारतीय-लोक साहित्य
942 _hY73(Q7)-5.2, 152P3
_cTEXL
_2cc
999 _c1011446
_d1011446